| 000 -LEADER |
| fixed length control field |
01256nam a2200229Ia 4500 |
| 001 - CONTROL NUMBER |
| control field |
11497 |
| 003 - CONTROL NUMBER IDENTIFIER |
| control field |
GE_BSU |
| 008 - FIXED-LENGTH DATA ELEMENTS--GENERAL INFORMATION |
| fixed length control field |
181216s||||||||xx |||||||||||||| ||und|| |
| 040 ## - CATALOGING SOURCE |
| Transcribing agency |
GE_BSU |
| 080 ## - UNIVERSAL DECIMAL CLASSIFICATION NUMBER |
| Universal Decimal Classification number |
63:54(075.9)+631.174(075.9)+632.934(075.9) |
| 100 ## - MAIN ENTRY--PERSONAL NAME |
| Personal name |
მენაღრიშვილი,ა.ჯ; ქარუმიძე,ს.ა; ერქომაიშვილი,ს.კ. |
| 245 ## - TITLE STATEMENT |
| Title |
სოფლის მეურნეობის ქიმიზაციის საფუძვლები. |
| 245 ## - TITLE STATEMENT |
| Remainder of title |
სახელმძღვ.აგროქიმიის საყოველთაო სწავლების სკოლებისა და კურსებისათვის. |
| 245 ## - TITLE STATEMENT |
| Statement of responsibility, etc. |
რედ:ა.სვანიძე. |
| 260 ## - PUBLICATION, DISTRIBUTION, ETC. |
| Place of publication, distribution, etc. |
თბილისი |
| 260 ## - PUBLICATION, DISTRIBUTION, ETC. |
| Name of publisher, distributor, etc. |
ცოდნა |
| 260 ## - PUBLICATION, DISTRIBUTION, ETC. |
| Date of publication, distribution, etc. |
1964 |
| 300 ## - PHYSICAL DESCRIPTION |
| Extent |
246გვ;20სმ. |
| 300 ## - PHYSICAL DESCRIPTION |
| Other physical details |
ცხრ. |
| 653 ## - INDEX TERM--UNCONTROLLED |
| Uncontrolled term |
სოფლის მეურნეობის ქიმიზაციის საფუძვლები.სახელმძღვ.აგროქიმიის საყოველთაო სწავლების სკოლებისა და კურსებისათვის. |
| 942 ## - ADDED ENTRY ELEMENTS (KOHA) |
| Koha item type |
წიგნი |